[Event "Bundesliga 0506"]
[Site "Germany"]
[Date "2006.01.29"]
[Round "9.6"]
[White "Hoffmann, Michael"]
[Black "Wintzer, Joachim"]
[Result "1/2-1/2"]
[WhiteElo "2443"]
[BlackElo "2324"]
[Annotator "Mueller,Karsten"]
[PlyCount "146"]
[EventDate "2005.10.21"]
[EventType "team-tourn"]
[EventRounds "15"]
[EventCountry "GER"]
[SourceTitle "CBM 111"]
[Source "ChessBase"]
[SourceDate "2006.04.04"]
[SourceVersion "1"]
[SourceVersionDate "2006.04.04"]
[SourceQuality "1"]
[WhiteTeam "Solingen"]
[BlackTeam "Kirchheim"]
[WhiteTeamCountry "GER"]
[BlackTeamCountry "GER"]

1. d4 e6 2. c4 f5 3. Nc3 Bb4 4. Qc2 Nf6 5. e3 b6 6. Bd3 Bb7 7. f3 g6 8. Nge2
Nc6 9. Bd2 Bf8 10. a3 Qe7 11. O-O Bh6 12. d5 Nd8 13. e4 Bxd2 14. Qxd2 fxe4 15.
Nxe4 exd5 16. Nxf6+ Qxf6 17. cxd5 Bxd5 18. Bxg6+ hxg6 19. Qxd5 c6 20. Qd3 Ne6
21. b4 O-O-O 22. Qd6 Qb2 23. Rfe1 Rh5 24. Qd3 Qf6 25. Rad1 Kb7 26. Qd6 Re5 27.
Rd3 Kc8 28. a4 Qf5 29. Kf2 Rxe2+ 30. Rxe2 Nf4 31. Ree3 Nxd3+ 32. Rxd3 Qf7 33.
Rd2 Qc4 34. g4 Qb3 35. a5 bxa5 36. bxa5 Qb5 37. Qxg6 Qxa5 38. Qd6 Qc7 39. Qxc7+
Kxc7 40. h4 d5 41. h5 Kd6 42. Ke3 c5 43. h6 d4+ 44. Ke4 Re8+ 45. Kf5 Rf8+ 46.
Kg6 Rxf3 47. Rh2 $2 {[%mdl 4096]} (47. g5 $1 {hätte das entscheidende Tempo
gewonnen, da die schwarzen Zentralfreibauern im Moment nicht vorrücken können,
z.B.} Ke5 (47... Kd5 48. Rh2 Rf8 49. h7 d3 50. Kg7 Rc8 51. g6 c4 52. h8=Q Rxh8
53. Kxh8 c3 54. g7 d2 55. g8=Q+ $18) (47... Rh3 48. Kh7 d3 49. g6 c4 50. g7 c3
51. Rxd3+ Rxd3 52. g8=Q $18) 48. Rh2 Rf8 (48... c4 49. h7 Rf8 50. Kh6 c3 51. g6
d3 52. g7 Rf6+ 53. Kh5 d2 54. Re2+ Kd4 55. g8=Q $18) 49. h7 c4 50. Kg7 Rd8 51.
g6 d3 52. h8=Q Rxh8 53. Kxh8 c3 54. g7 d2 55. Re2+ Kd4 56. g8=Q $18) 47... Rf8
48. h7 d3 49. h8=Q (49. Kg7 Rc8 50. h8=Q Rxh8 51. Rxh8 (51. Kxh8 c4 52. g5 c3
53. g6 d2 54. g7 d1=Q $11) 51... c4 52. Rd8+ Ke5 53. g5 Ke4 54. Kf8 c3 55. g6
c2 56. g7 c1=Q 57. g8=Q Qf4+ $11) 49... Rxh8 50. Rxh8 Ke5 51. g5 c4 52. Re8+ (
52. Rd8 Ke4 53. Kf6 c3 54. g6 c2 55. g7 c1=Q 56. g8=Q Qf4+ $11) 52... Kd4 53.
Kf5 c3 54. Re4+ $2 (54. g6 {gewinnt vermutlich immer noch, wenngleich ich den
letzten Beweis hier schuldig bleibe, doch sehen Sie selbst:} c2 55. g7 c1=Q 56.
Re4+ Kc3 57. g8=Q Qf1+ 58. Ke5 Qa1 59. Qc4+ Kd2+ 60. Rd4 Qe1+ 61. Kd5 Qh1+ 62.
Kc5 $16) 54... Kc5 55. g6 d2 56. g7 d1=Q 57. g8=Q Qd7+ 58. Kf4 Qd2+ 59. Ke5
Qd6+ 60. Kf5 Qd7+ 61. Kf4 Qd2+ 62. Kf3 Qd3+ 63. Re3 Qf1+ 64. Ke4 Qc4+ 65. Qxc4+
Kxc4 66. Re2 a5 67. Rh2 a4 68. Ke3 a3 69. Rh8 a2 70. Ra8 Kb3 71. Kd3 Kb2 72.
Rb8+ Ka1 (72... Kc1 $11) 73. Ra8 Kb2 1/2-1/2

[Event "Sigeman & Co 12th"]
[Site "Malmo/Copenhagen"]
[Date "2004.05.06"]
[Round "6"]
[White "Hansen, Curt"]
[Black "Hillarp Persson, Tiger"]
[Result "1-0"]
[WhiteElo "2635"]
[BlackElo "2513"]
[Annotator "Postny,E"]
[PlyCount "61"]
[EventDate "2004.04.30"]
[EventType "tourn"]
[EventRounds "9"]
[EventCountry "SWE"]
[EventCategory "13"]
[SourceTitle "CBM 101"]
[Source "ChessBase"]
[SourceDate "2004.07.27"]
[SourceVersion "1"]
[SourceVersionDate "2004.07.27"]
[SourceQuality "1"]

1. d4 e6 2. c4 d5 3. Nc3 c6 4. e3 {This way White is avoiding the sharp
Noteboom variation, namely: 4.Nf3 dxc4.} Bd6 5. Nf3 f5 {Building the
"Stonewall" setup.} 6. Bd3 Nf6 7. O-O O-O 8. b3 ({Another common continuation
is} 8. Ne5 Nbd7 9. f4) 8... Ne4 (8... b6 9. Bb2 Bb7 10. Rc1 Ne4 11. Ne2 Nd7 12.
cxd5 cxd5 13. Ne5 Qe7 14. Bb5 Nxe5 15. dxe5 Bc5 16. Nd4 a6 17. Bd3 Rfc8 18. f3
Ng5 19. Qe2 $14 {1/2-1/2 Sokolov,I-Lautier,J/Germany 2003/CBM 94 (43)}) ({
Another possible plan is:} 8... Bd7 {[%cal Gd7e8,Ge8h5]}) 9. Bb2 (9. Ne2 Nd7
10. a4 a5 11. Ba3 Bxa3 12. Rxa3 b6 13. Ra2 Bb7 14. Rc2 Qe7 15. Qa1 g5 16. Ne1
Rf6 17. f3 Raf8 18. fxe4 fxe4 19. Ng3 exd3 20. Nxd3 Rxf1+ 21. Nxf1 dxc4 22.
bxc4 c5 $132 {1-0 Nikolic,P-Krasenkow,M/Neum 2000/CBM 80 (38)}) 9... Nd7 10.
Rc1 (10. Ne2 Qf6 11. Ne1 Qh6 12. f4 g5 13. Nf3 gxf4 14. exf4 Ndf6 15. Qc1 Rf7
16. Ne5 Rg7 $132 {1/2-1/2 Petkevich,J-Andreasson,I/Gothenburg 1994/EXT 2001 
(43)}) 10... Qf6 11. Ne2 a5 $146 (11... g5 12. Rc2 g4 13. Bxe4 fxe4 14. Ne1
Bxh2+ 15. Kxh2 g3+ 16. Kxg3 (16. Nxg3 $1 Qh4+ 17. Kg1 Nf6 18. Nf3 exf3 19. gxf3
{[%cal Gg1g2,Gf1h1]}) 16... Qg5+ 17. Kh2 Nf6 18. f3 Ng4+ 19. fxg4 Rxf1 20. Nf4
Qh4+ 21. Nh3 Rxe1 $19 {0-1 Skomorokhin,R-Purgin,N/Yaroslavl 1995/CBM 49 ext 
(40)}) 12. Rc2 a4 13. bxa4 $6 {This is probably too optimistic.} ({Probably
white should already look for equality by} 13. Ne1 {[%cal Gf2f4]}) 13... Rxa4
14. Qa1 Qh6 {Eyeing the h2 pawn and preparing the march of the "g" pawn.} 15.
h3 g5 {[%cal Gg5g4]} 16. cxd5 $6 {Trying to open the position and use the
vulnerability of black's king. The main drawback of this move is that black's
light-squared bishop may join black's attack...} ({The immediate} 16. Ne5 {
seems to be stronger.}) 16... exd5 17. Ne5 Bxe5 $1 {Concrete approach to the
position. This exchange looks risky, but black is intending to eliminate
white's light-squared bishop, which will increase his attacking chances.} 18.
dxe5 Nec5 $1 19. Rd1 f4 {Black has a dangerous initiative.} 20. exf4 gxf4 21.
Qc1 $6 (21. f3 Nxd3 22. Rxd3 Qg6 {is in black's favour, but probably this was
the least of the evils for white.}) (21. e6 $5 {deserved attention as well.})
21... Rxa2 22. Ba3 {[%tqu "En","How should black continue?","","","a2a3",
"Excellent and tempting exchange sacrifice. It's very important to eliminate
the dark-squared bishop.",12,"c5d3","",0]} Rxa3 $1 {[%mdl 512] Excellent and
tempting exchange sacrifice. It's very important to eliminate the dark-squared
bishop.} (22... Nxd3 $2 23. Rxd3 Rxc2 (23... Nxe5 24. Rxa2 Nxd3 25. Qc3 Qg6 26.
Bxf8 Bxh3 27. Qg7+ Qxg7 28. Bxg7 $18) 24. Qxc2 Re8 25. Bc1 Nxe5 26. Rg3+ $40)
23. Qxa3 Nxd3 24. Rxd3 (24. Qxd3 Nxe5 25. Qc3 Qg7 $1 $40) 24... Nxe5 25. Rb3 f3
{It's clear, that black's attack is very strong. White's pieces are not
located too well and it does not seems that he can parry black's threats.} 26.
Nd4 Qg6 $2 {Till this point black played extremely well, but now black misses
an immediatly decisive continuation.} (26... Bxh3 $1 $19 27. Nxf3 (27. Qc1 Qg6
$19) {[%tqu "En","Find the best move for black.","","","h3g2","",10]} 27...
Bxg2 $1 28. Kxg2 Qg6+ 29. Kh1 Nxf3 30. Rxf3 Rxf3 31. Qxf3 Qxc2 $19) 27. g3 Bxh3
$2 {Now this is much weaker, than on the previous move. Black probably
overlooked something in his calculations.} (27... Qe4 28. Qa1 Nd3 {[%cal Gd3f4]
and black is still better, though it's not so clear already.}) 28. Rxb7 Bg2 ({
Objectively better at this point would have been} 28... Bd7 {, but then, again
there would be no point to 27...Bxh3.}) 29. Qe7 Re8 $2 (29... Qh6 30. Qe6+ Qxe6
31. Nxe6 Ra8 32. Rcb2 $16) 30. Nf5 $1 {A very unpleasant surprise for black.} (
{Also possible was} 30. Nxc6 Nxc6 31. Rxc6 Rxe7 32. Rxg6+ hxg6 33. Rxe7 {
but the move in the text is stronger.}) 30... Kh8 $2 {Black completely lost
his head and collapsed on the spot.} (30... Rxe7 31. Nxe7+ Kf7 32. Nxg6+ Kxg6
33. Re7 Kf5 34. Rxh7) (30... h5 31. Rc1 (31. Rxc6 $4 Nxc6 32. Nh6+ Kh8 33. Nf7+
Qxf7 34. Qxf7 Re1+ 35. Kh2 Rh1#) 31... Rxe7 32. Nxe7+ Kf7 33. Nxg6+ Kxg6 {
In both cases white should win, but black still retains some chances to resist.
}) {[%tqu "En","Find the killer!","","","b7b8","Just compare this position and
the position 5 moves before...",5,"b7b8","",0]} 31. Rb8 $1 {Just compare this
position and the position 5 moves before...} (31. Rb8 Rxb8 32. Qxe5+ Kg8 33.
Qxb8+ {and so on.}) 1-0

[Event "EU-ch 5th"]
[Site "Antalya"]
[Date "2004.05.17"]
[Round "3"]
[White "Krasenkow, Michal"]
[Black "Iljushin, Alexei"]
[Result "1-0"]
[WhiteElo "2609"]
[BlackElo "2529"]
[Annotator "Postny,E"]
[PlyCount "109"]
[EventDate "2004.05.15"]
[EventType "swiss"]
[EventRounds "13"]
[EventCountry "TUR"]
[SourceTitle "CBM 101"]
[Source "ChessBase"]
[SourceDate "2004.07.27"]
[SourceVersion "1"]
[SourceVersionDate "2004.07.27"]
[SourceQuality "1"]

1. d4 e6 2. c4 f5 3. Nc3 Nf6 4. Qc2 Bb4 5. e3 b6 6. Bd3 Bxc3+ $5 {Black gives
his bishop before white played Ng1-e2 and forces white to recapture with queen,
which may become vulnerable on c3.} (6... Bb7 7. f3 (7. Nge2 Be4 8. O-O Bxd3 9.
Qxd3 O-O 10. e4 fxe4 11. Nxe4 Be7 12. d5 Nxe4 13. Qxe4 Na6 14. Be3 Nc5 15. Bxc5
Bxc5 16. dxe6 Qe7 17. Nf4 Bd6 18. Nd3 Rae8 19. Rae1 Qxe6 20. Qxe6+ Rxe6 21.
Rxe6 dxe6 22. f3 $14 {1/2-1/2 Moiseenko,A-Pert,N/Aviles 2000/CBM 77 ext (38)})
7... O-O 8. Nge2 c5 9. a3 Bxc3+ 10. Qxc3 Nc6 (10... Qe7 {1/2-1/2 Sorin,
A-Ginzburg,M/Villa Gisell 1998/CBM 64 [Tyomkin,D] (41)}) 11. b4 cxd4 12. exd4
Rc8 13. Qd2 Ne7 14. O-O b5 15. cxb5 Bd5 16. a4 Bc4 17. Bxc4 Rxc4 18. Qd3 Qc8
19. Bg5 Ned5 20. Rfc1 $14 {1/2-1/2 Yakovich,Y-Iljushin,A/Samara 2000/CBM 78 
(75)}) (6... O-O {1/2-1/2 Lautier,J-Vaisser,A/Marseille 2001/CBM 85 [Tyomkin,D]
(41)}) 7. Qxc3 Bb7 8. f3 O-O 9. b4 $146 (9. Ne2 c5 10. O-O Qe7 11. b3 d6 12.
Bb2 Nbd7 13. b4 Rfc8 14. bxc5 bxc5 15. Qa5 Nb6 16. Rac1 Rc7 17. Kh1 Nfd7 18.
Nc3 a6 19. Nb1 Qd8 20. Nd2 $14 {1-0 Ryskin,A-Gleizerov,E/Wisla 1992/TD (39)})
9... Qe7 {Probably not the best move.} ({Comes to consideration} 9... Nh5 $5 {
trying to make use of white's backwardness ib development. For example:} 10.
Nh3 $6 Qh4+ 11. Nf2 Qg5 {with nice counterplay.}) 10. a4 {White is carrying
out typical plan of advancing queenside pawns. It's notable, that Krasenkow
delays his kingside development and firstly tries to get more space on the
queenside.} a5 11. b5 d6 ({Again} 11... Nh5 {deserved attention.}) 12. Ne2 Nbd7
13. O-O Rae8 14. Bc2 Nh5 $6 {Black wants to carry out e6-e5 advance, but he
needs to defend Pf5 first. The move g7-g6 will seriously weaken dark squares,
while the move in text does not black any good as well in view of white's
reply...} ({Comes to consideration} 14... c5 15. bxc6 Bxc6 $14) 15. Nf4 $1 Nhf6
{Admitting the mistake.} (15... Nxf4 $6 16. exf4 $16 {[%csl Re6][%cal Gf1e1]})
16. Bb3 Qf7 17. Ba3 {White has clear advantage.} g5 18. Nd3 {[%csl Ga3,Gb3,Gc3,
Gd3] White's pieces are well placed and he is ready to carry out c4-c5
breakthrow.} Rc8 {Looks like the only chance for black is to try to meet
white's c4-c5 with c7-c6 advance, otherwise black will be just totally
squeezed.} 19. c5 c6 20. Rac1 $1 {[%mdl 2048] Calmly played. Krasenkow
evaluated precisely the position after the forthcoming massive exchanges.} (20.
cxb6 $6 cxb5 21. Qxa5 bxa4 22. Bxa4 Ra8 23. Qb4 Nd5 {and black is live and
kicking.}) 20... cxb5 21. axb5 bxc5 (21... dxc5 22. dxc5 {changes nothing.})
22. dxc5 dxc5 23. Bxc5 Bd5 24. Bxd5 Nxd5 25. Qxa5 Nxc5 26. Nxc5 Nxe3 {Black
managed to keep material balance, but did not solve his problems...} 27. Rfe1
f4 28. b6 {White's strong passed pawn is the decisive factor in the position.
Black has not enough resources to create counterthreats.} e5 (28... Ra8 29. Qb5
Ra2 30. Re2 {parrying black's only threat, while the Pb7 decides the game in
white's favour.}) 29. Ne4 Rce8 30. Rc7 Qg6 (30... Qb3 31. Qa7 $18) 31. h3 h5
32. Rec1 Rd8 (32... g4 33. R1c6 Qf5 34. Qa2+ $18) 33. R1c6 Rd1+ 34. Kf2 Qe8 35.
Qa7 (35. Qa2+ {was winning on the spot.}) 35... Nf5 36. Qa2+ $6 (36. Nf6+ Rxf6
37. Rxf6 Rf1+ 38. Kxf1 Qb5+ 39. Kg1 {white's king easily escapes from checks.})
36... Kh8 37. Nxg5 Rd7 38. Qa7 ({More precisely is} 38. b7) 38... Qd8 39. Rxd7
Qxg5 40. Qa1 Ne3 41. Qg1 Ra8 42. Rd2 Rg8 43. b7 Qg7 44. Rdd6 $6 {Of course,
white is winning anyway, but why to give the passed pawn?!} Qxb7 45. Rh6+ Kg7
46. Qa1 Nc4 47. Rcg6+ Kf8 48. Rxg8+ Kxg8 49. Qa2 Kg7 50. Ra6 Qd5 {The winning
process is certainly made in time-trouble and is far from perfect, but still
white's position remains totally winning.} 51. Kg1 Qd4+ 52. Kh2 Nd6 53. Qe6 Qf2
54. Qe7+ Nf7 55. Qf6+ 1-0

[Event "Andorra op 25th"]
[Site "Andorra"]
[Date "2007.07.05"]
[Round "6"]
[White "Postny, Evgeny"]
[Black "Del Rio de Angelis, Salvador Gabriel"]
[Result "1-0"]
[WhiteElo "2598"]
[BlackElo "2504"]
[Annotator "Postny,E"]
[PlyCount "55"]
[EventDate "2007.06.30"]
[EventType "swiss"]
[EventRounds "9"]
[EventCountry "AND"]
[SourceTitle "CBM 119 Extra"]
[Source "ChessBase"]
[SourceDate "2007.09.04"]
[SourceVersion "1"]
[SourceVersionDate "2007.09.04"]
[SourceQuality "1"]

1. d4 e6 2. c4 b6 3. a3 f5 4. Nc3 Nf6 5. g3 c6 $6 {I have a sceptical opinion
about this move, even if it was played by Morozevich and Short. Black switches
his plan towards the "stonewall" setup.} (5... Bb7 6. d5 {is the main line,
which is evaluated by theory as slightly better for White.}) 6. Bf4 $5 $146 {
Frankly speaking, this move is not better than 6.Bg2 or 6.d5, but the
psychological effect worked well.} (6. Bg2 d5 7. Nf3 (7. cxd5 cxd5 8. Bf4 Bd6
9. Bxd6 Qxd6 10. Rc1 Nc6 11. Nf3 O-O 12. O-O Bb7 13. e3 Rac8 14. Ne2 Rc7 15.
Nf4 Rfc8 $11 {0-1 Rogozenko,D (2531)-Morozevich,A (2756)/Germany 2000/CBM 082
ext (37)}) 7... Be7 8. Bg5 O-O 9. O-O Bb7 10. Rc1 h6 11. Bxf6 (11. Bf4 $142)
11... Bxf6 12. e3 Nd7 13. cxd5 exd5 14. b4 a6 15. Ne2 g5 16. Qd3 Bg7 17. a4 Qe7
18. Qb3 a5 19. b5 c5 20. Nd2 Qf7 $11 {1/2-1/2 Hansen,C (2595)-Short,N (2695)/
Cap d'Agde 1996/CBM 055 ext (49)}) (6. d5 Ba6 7. dxe6 dxe6 8. Qxd8+ Kxd8 9. b3
Nbd7 10. Bg2 Bb7 11. Nf3 c5 12. O-O Bd6 13. Rd1 Ke7 14. Ra2 Rad8 15. Bg5 Rhe8
16. Rad2 Bb8 17. Bf4 Bxf4 18. gxf4 Ne4 19. Nxe4 Bxe4 $11 {1/2-1/2 Gershon,A 
(2553)-Rahman,Z (2468)/Hamburg 2001/EXT 2002 (22)}) (6. Nf3 Ba6 7. b3 d5 8. Bg2
Bd6 9. Ne5 O-O 10. O-O Qe7 11. Bg5 Bb7 12. b4 Nbd7 13. f4 Rac8 14. c5 Bb8 15.
Kh1 $14 {1/2-1/2 Harikrishna,P (2514)-Rahman,Z (2447)/Calcutta 2001/CBM 082 
(30)}) 6... Ba6 $6 {I guessed correctly. My opponent didn't like the exchange
of dark-squared bishops after 6...d5 7.Qa4 Bd6 and choose a worse continuation.
} ({Objectively, after} 6... d5 7. Qa4 Bd6 {Black is only slightly worse.}) 7.
Qa4 {[%csl Ra6] Threatening 8.Bxb8.} Bb7 8. Bg2 Be7 9. Nh3 $1 {I didn't want
to develop the knight to f3, this would obstruct the long diagonal for Bg2.
Black's Bb7 will remain blocked until the end of the game!} O-O 10. O-O Nh5 (
10... d6 11. Rad1 Qc8 (11... Nbd7 $2 12. Ng5 $18 {[%csl Re6]}) 12. Qc2 Na6 13.
e4 $16) 11. d5 {It was also possible to retreat with the bishop, but I
intended to play through the center as fast as possible.} Nxf4 (11... b5 $2 {
harms only Black} 12. Qb3 {+/-/+-}) 12. Nxf4 Qc8 (12... e5 13. dxc6 Bxc6 14.
Bxc6 Nxc6 15. Nfd5 {is clearly better for White.}) 13. e4 $1 {Black's
queenside pieces are still dreaming, so it's logical to increase the tension
in the center.} fxe4 $6 {Grandmaster Del Rio had a difficult choice here. The
move in the text is not the best one.} (13... cxd5 14. cxd5 e5 15. Nd3 d6 16.
Bh3 Ba6 17. Qc2 g6 18. f4 Qc4 19. Nb4 Qd4+ 20. Rf2 exf4 21. exf5 fxg3 22. hxg3
$16) (13... e5 14. Nd3 fxe4 (14... d6 15. exf5 $16) 15. Bxe4 Na6 16. b4 $16) (
13... Bd6 14. Nd3 exd5 15. cxd5 Qc7 16. exf5 Rxf5 17. Rac1 $16) (13... Bf6 {
Looks like the least of the evils for Black.} 14. exf5 Bxc3 (14... exf5 15. Qc2
Na6 16. Rfe1 $14) 15. bxc3 e5 16. Nd3 cxd5 17. cxd5 Qxc3 18. Rfd1 Qd4 19. Qxd4
exd4 $14) 14. Bxe4 $6 {Not the best reaction as well.} (14. dxe6 e3 {During
the game I was concerned about this move, but, actually White is nearly
winning here. For instance:} 15. fxe3 dxe6 16. Bh3 Rf6 17. Ne4 Rh6 18. Rad1 Na6
19. Nd6 Bxd6 20. Rxd6 Nc7 21. Qd1 $18 {The difference in activity between
white's and black's pieces is amazing!}) 14... Rxf4 $2 {Of course, the Nf4 is
very annoying for Black, but his position was not so bad for such drastic
measures. This exchange sacrifice falls short.} (14... Bd6 15. Nd3 (15. dxe6 $6
dxe6 16. Qc2 Bxf4 17. Bxh7+ Kh8 18. gxf4 Rxf4 $13) 15... cxd5 16. cxd5 Na6 17.
Rac1 exd5 (17... Nc5 18. Nxc5 bxc5 19. Rfd1 $16) 18. Bxd5+ Bxd5 19. Nxd5 Qb7
20. Qe4 {[%csl Rb7]} Kh8 21. b4 $14) 15. gxf4 Qf8 16. Ne2 {Black has no real
compensation for the sacrificed exchange.} Na6 (16... exd5 17. cxd5 cxd5 18.
Bg2 $18) 17. dxc6 dxc6 18. b4 {Restricting the knight. The rest of the game
was easy for me.} Rc8 19. Qc2 g6 20. Rad1 Nc7 21. Rd7 Ba8 22. Qc3 Qe8 23. Rd2 (
{But not} 23. Rfd1 $2 Nd5 $1) 23... Qf7 24. Bg2 Ne8 25. Rd7 {The penetration
of White's heavy pieces is decisive.} a6 26. Rfd1 Nf6 27. Ra7 Rf8 28. Qe5 1-0

[Event "Julian Borowski-A 4th"]
[Site "Essen"]
[Date "2002.05.24"]
[Round "8"]
[White "Zvjaginsev, Vadim"]
[Black "Krasenkow, Michal"]
[Result "1-0"]
[WhiteElo "2645"]
[BlackElo "2641"]
[Annotator "Postny,E"]
[PlyCount "79"]
[EventDate "2002.05.16"]
[EventType "tourn"]
[EventRounds "9"]
[EventCountry "GER"]
[EventCategory "16"]
[SourceTitle "CBM 090"]
[Source "ChessBase"]
[SourceDate "2002.09.20"]
[SourceVersion "1"]
[SourceVersionDate "2002.09.20"]
[SourceQuality "1"]

1. Nf3 d5 2. d4 c6 3. c4 e6 4. e3 f5 5. Nc3 Nf6 6. Be2 Bd6 7. Ne5 {A rare
continuation, which takes place from time to time in the games of Tkachiev and
Zvjaginsev. The main line goes with 7.0-0.} Bxe5 $6 {This exchange is typical
for the Stonewall setup, but in this particular position this is quite unusual
and I guess dubious reply on white's last move.} (7... O-O 8. O-O Nbd7 (8... b6
9. Rb1 Qe7 10. Bd2 Bb7 11. f4 c5 12. cxd5 exd5 13. Nb5 Nbd7 14. Bd3 Ne4 15.
Bxe4 fxe4 16. Nxd7 Qxd7 17. Nxd6 Qxd6 18. dxc5 bxc5 19. b4 Ba6 $11 {1/2-1/2
Zvjaginsev,V-Pavasovic,D/Portoroz 1999/CBM 72 (28)}) 9. f4 Ne4 10. Nxe4 fxe4
11. Bd2 Nxe5 12. dxe5 Be7 13. Kh1 Bd7 14. Rc1 b5 15. cxb5 cxb5 16. Bc3 b4 17.
Bd4 Qa5 $11 {1/2-1/2 Tkachiev,V-Bareev,E/Enghien les Bains 2001/CBM 83 (43)})
8. dxe5 Ne4 9. O-O (9. Bd2 $6 Nd7 10. Nxe4 fxe4 11. Bc3 Qg5 $15 {0-1 Dittmann,
M-Schlange,S/Kassel 1996/EXT 98 (31)}) 9... O-O 10. f4 $146 (10. Bd2 b6 11. f4
Ba6 12. cxd5 Bxe2 13. Qxe2 Nxc3 14. Bxc3 exd5 15. Rac1 $13 {1-0 Dorsch,
A-Schausten,P/Baunatal 1999/EXT 2000 (33)}) 10... Na6 11. Nxe4 dxe4 $6 {
I don't like this recapture, the "d" file is opened now to white's favour.} ({
More in the spirit of the position would be} 11... fxe4 $14) 12. Bd2 $16 Bd7 (
12... Nc5 {[%csl Gd3][%cal Yc5d3]} 13. Bb4 Qb6 14. Bxc5 Qxc5 15. Qb3 $16 {
[%cal Ya1d1,Yf1d1,Yd1d6]}) 13. Bc3 Rc8 (13... c5 14. Qb3 Bc6 15. Rad1 {[%csl
Rd6] following by 16.Rd6 with a big advantage.}) 14. Qb3 b5 {Krasenkow is
desperately trying to reach a counterplay, but this move weakens the black
squares even more.} 15. Qa3 ({Also can be recommended:} 15. Rfd1 Qb6 16. Kf2)
15... Qb6 16. c5 $1 {[%mdl 32]} Nxc5 17. Ba5 $1 (17. Bb4 $2 Nd3 {[%csl Re3]}
18. Bxf8 (18. Bxd3 c5 19. Ba5 b4 20. Bxb6 bxa3) 18... Qxe3+ 19. Kh1 Qxe2 $132 (
19... Nf2+ $2 20. Rxf2 Qxf2 21. Bxg7 $1 $40)) 17... Qa6 18. Qxc5 $6 {
Zvjaginsev prefers the positional advantage to the material one, however,
objectively 18.Bb4 was stronger.} (18. Bb4 Qxa3 19. Bxa3 Nb7 20. Bxf8 Kxf8 $16
{Black has drawing chances.}) 18... Qxa5 19. Rfd1 {The positional
disadvantages of black's position are certainly more valuable, than the black
extra pawn.} Rcd8 $2 {After this weak move black's position is probably
hopeless.} (19... Rc7 20. a4 (20. Rd6 Qb6 21. Qxb6 axb6 22. Rad1 Rf7) 20... Qb6
21. Qxb6 axb6 22. axb5 cxb5 23. Rd6 Rfc8 24. Rxb6 Rc1+ 25. Rxc1 Rxc1+ 26. Kf2
Rc2 $132) 20. a4 Qb6 $6 {This leads to a completely hopeless endgame for black.
} (20... Be8 21. Rxd8 Qxd8 22. axb5 cxb5 23. Rxa7 Qd2 24. Kf2 {and white's
pieces are dominating.}) 21. Qxb6 axb6 22. axb5 cxb5 23. Rd6 $18 {The decisive
penetration. The black pawns will fall one by one...} Bc8 24. Bxb5 Bb7 25. Rxe6
Bd5 26. Rxb6 Rb8 27. Raa6 ({Also good enough is} 27. Rxb8 Rxb8 28. Bd7 g6 29.
Ra5) 27... Rfc8 28. Bd7 Rc1+ 29. Kf2 Rc2+ 30. Kg3 Rxb6 (30... Rxb2 31. Rxb2
Rxb2 32. Bxf5 $18) 31. Rxb6 g6 32. Rb5 Ba2 {The only safe place for the black
B, but of course this can be considered, as an agony.} 33. b3 {[%csl Ra2]} Rc7
34. Be6+ Kg7 35. Bd5 Kh6 36. h3 {There is no need at all to force matters...}
Rc3 37. e6 Rc7 38. Rb8 Kg7 39. Rg8+ $1 {A nice touch!} Kf6 (39... Kxg8 40. e7+
{promoting the pawn.}) 40. Rf8+ 1-0